=LDR 00000nam 2200000 4500 =001 INLIS000000000041562 =005 20130612151105 =008 ***********************************ind** =035 ##$$a0010-061300000041562 =041 ##$$a ind =082 ##$$a 646.4 =090 ##$$a 646.4, pus t =100 ##$$a poespo, goet =245 ##$$a teknik menggambar mode busana, goet poespo =260 ##$$a 2004 $b yogyakarta =300 ##$$a v 82 hlm, ilus, 20 cm =850 ##$$a NBPNMAT =990 ##$$a 21400276/BPAP-NTB/2014